00505nam a2200193 a 4500001001300000003000900013005001700022008004100039020001200080082001500092100001800107245007500125260002300200300000900223500003500232505001000267650001600277700001800293nice12345678IN_TiNIC20260116012615.0050524s1976 lona grp 000 0 eng  ac200.600a270.6bTHO aThomson, Alan aChurch History 3 New Movements Reform.Rationalism.Revolution 1500-1800 aLondonbSpckc1976 a161p aincludes index and biblioraphy2 aIndex aReformation1 aThomson, Alan